| 000 | 01526nab a22002777a 4500 | ||
|---|---|---|---|
| 999 |
_c6460 _d6460 |
||
| 003 | OSt | ||
| 005 | 20260205105639.0 | ||
| 008 | 190429b xxu||||| |||| 00| 0 spa d | ||
| 040 | _cPJ | ||
| 100 |
_aMaggio, Facundo _94462 |
||
| 245 | 1 | 0 |
_aSobre la literalidad del concepto de la prisión perpetua / _cFacundo Maggio, Lucas M. Maggio. |
| 260 |
_cCiudad Autónoma de Buenos Aires : _aThomson Reuters La Ley, _b2024. |
||
| 300 | _ap. 227-229 | ||
| 500 | _aCita: TR LALEY AR/DOC/858/2024. | ||
| 505 | _aSumario: I. Introducción.— II. Decisión de la Corte de Justicia de Salta. Constitucionalidad de la prisión perpetua.— III. Posición de la defensa. Recurso Extraordinario Federal.— IV. La posición de la CS. Disidencia Dr. Rosenkrantz.— V. Conclusiones. | ||
| 505 | _aFallo comentado: Trib. Impug. Sala III ~ 03/02/2016 ~ L., G. y otros. | ||
| 505 | _aFallo comentado: CS ~ 07/12/2023 ~ Lasi, Gustavo Orlando y otros s/ delito de doble homicidio calificado criminis causa, abuso sexual agravado y robo calificado. | ||
| 505 | _tSi te interesa el texto completo, solicitalo a koha@justierradelfuego.gov.ar | ||
| 650 | 0 |
_9343 _aDERECHO PENAL |
|
| 650 | 0 |
_94933 _aPRISIÓN PERPETUA |
|
| 650 | 0 |
_92954 _aLIBERTAD CONDICIONAL |
|
| 650 | 0 |
_aCORTE SUPREMA DE JUSTICIA DE LA NACION _9822 |
|
| 700 |
_aMaggio, Lucas M. _97084 |
||
| 773 | 0 |
_02658 _93164 _tRevista de derecho penal y criminología. Nº 4 - Mayo 2024 _dCiudad Autónoma de Buenos Aires : Thomson Reuters La Ley, 2017- _x00347914 |
|
| 942 |
_2udc _cANA |
||